Slope stability in surface mining

Gardado en:
Detalles Bibliográficos
Main Authors: Hustrulid, William A (Author), McCarter, Michael A (Author), Van Zyl, Dirk J. A (Author)
Formato: Libro
Idioma:inglés
Publicado: Englewood Cliffs Society for Mining Metallurgy 2001
Edición:1a. ed
Subjects:
Tags: Engadir etiqueta
Sen Etiquetas, Sexa o primeiro en etiquetar este rexistro!

MARC

LEADER 00000cam a2200000 a 4500
001 UCE4018
003 CL-VaPUC
008 141003e20010000us |||||||||||||||||eng|d
020 |a 0873351940 
082 0 4 |a 622.292  |b HUS  |2 21 
100 |a Hustrulid, William A  |e author  |9 578311 
700 0 |a McCarter, Michael A  |e author  |9 576600 
700 0 |a Van Zyl, Dirk J. A  |e author  |9 576601 
245 1 0 |a Slope stability in surface mining 
250 |a 1a. ed 
300 |a 422 p 
942 |c BK 
945 |d 20141003 14:18:00  |a arojas 
260 |a Englewood Cliffs  |b Society for Mining Metallurgy  |c 2001 
650 0 |a Minería  |9 326008 
650 0 |a Mecánica de suelos  |9 260278 
650 7 |a TALUDES  |2 CL-VaPUC  |9 494505 
583 |a last modification  |c 20141015 01:57:47  |k Rodrigo Vera 
999 |c 357110  |d 357108 
952 |0 0  |1 0  |3 erd  |4 0  |6 622_292000000000000_HUS_2001  |7 0  |8 A  |9 464928  |a BIBING  |b BIBING  |i 5117429  |o 622.292 HUS 2001  |p 5117429  |r 2025-01-20  |w 2019-11-23  |y BK  |z Catalogado en:20141003  |k CIC